The Fur farm guide book.

Bibliographic Details
Format: Serial
Language:English
Published: Duluth. [publisher not identified] ;
Subjects:

MARC

Tag First Indicator Second Indicator Subfields
LEADER 00000cas a2200000I 4500
001 in00001746021
005 20151025051509.0
008 781020c19559999mnuur m 0 0eng
010 |a  55033493  
035 |a (OCoLC)ocm04307700 
040 |a DLC  |c YQR  |d TXA  |d UtOrBLW 
049 |a TXAM  |c [272103] 
050 0 0 |a SF403  |b .F75 
082 1 |a 636.9 
245 0 4 |a The Fur farm guide book. 
264 1 |a Duluth.  |b [publisher not identified] ; 
300 |a illustrations :  |b 29 cm. 
336 |a text  |b txt  |2 rdacontent 
337 |a unmediated  |b n  |2 rdamedia 
338 |a volume  |b nc  |2 rdacarrier 
362 0 |a v. 1- 1955- 
650 0 |a Fur farming. 
994 |a E0  |b TXA 
999 |a MARS 
999 f f |s 9c0aa0d8-53ea-324b-859d-855471700d93  |i 9783e93c-a81b-36c2-9b17-258513df1da1  |t 0 
952 f f |p ric  |a Texas A&M University  |b Rellis Campus  |c Joint Library Facility  |d Remote Storage  |t 0  |e SF403 .F75  |h Library of Congress classification  |i unmediated -- volume  |m A14825729715 
998 f f |a SF403 .F75  |t 0  |l Remote Storage